[Event "Cairo Al Ain op"]
[Site "Cairo"]
[Date "2023.11.30"]
[Round "7"]
[White "El Arousy, Abdul Hameed"]
[Black "Kandil, Ahmed"]
[Result "0-1"]
[WhiteElo "2069"]
[BlackElo "2177"]
[PlyCount "94"]
[EventDate "2023.11.27"]
[EventType "swiss"]
[EventRounds "10"]
[EventCountry "EGY"]
[SourceTitle "CB49_2023"]
[SourceDate "2023.12.06"]
[SourceVersion "1"]
[SourceVersionDate "2023.12.06"]
[SourceQuality "1"]

1. e4 e5 2. Nf3 Nc6 3. Bb5 a6 4. Bxc6 dxc6 5. d4 exd4 6. Qxd4 Qxd4 7. Nxd4 Bd7 8. Nc3 0-0-0 9. Be3 Nf6 10. f3 c5 11. Nde2 Bc6 12. Kf2 Be7 13. Rhd1 Nd7 14. Nd5 Bxd5 15. Rxd5 Nb6 16. Rf5 Rd7 17. g3 f6 18. Bxc5 g6 19. Bxe7 gxf5 20. Bxf6 Rf8 21. e5 Rd2 22. Rc1 Nd7 23. Bg5 Rd5 24. e6 Ne5 25. Nc3 Rd6 26. e7 Re8 27. Rd1 Rxd1 28. Nxd1 Kd7 29. Ne3 Ke6 30. g4 fxg4 31. f4 Nf3 32. f5+ Kf7 33. h4 Nxg5 34. hxg5 Rg8 35. g6+ hxg6 36. Nxg4 Kxe7 37. fxg6 Rxg6 38. Ne3 Kd6 39. Ke2 Ke5 40. Kd2 Kd4 41. Nf5+ Ke4 42. Ne3 Rg3 43. Nf1 Rg1 44. Ke2 Rg2+ 45. Kd1 b5 46. b4 Kf3 47. c4 Rg1 0-1

[Event "Titled Tuesday intern op 03rd Aug"]
[Site "Chess.com INT"]
[Date "2021.08.03"]
[Round "5"]
[White "Heinemann, Josefine"]
[Black "El Arousy, Abdul Hameed"]
[Result "0-1"]
[WhiteElo "2296"]
[BlackElo "2165"]
[PlyCount "82"]
[EventDate "2021.08.03"]
[EventType "swiss (blitz)"]
[EventRounds "11"]
[EventCountry "USA"]
[SourceTitle "CBM 203 Extra"]
[Source "ChessBase"]
[SourceDate "2021.09.30"]
[SourceVersion "1"]
[SourceVersionDate "2021.09.30"]
[SourceQuality "1"]

1. e4 e5 2. Nf3 Nc6 3. Bb5 Nf6 4. d3 Bc5 5. c3 d6 6. 0-0 0-0 7. Nbd2 h6 8. h3 a6 9. Ba4 b5 10. Bb3 Bb7 11. Re1 Qd7 12. Nf1 Na5 13. Bc2 Ba7 14. Ng3 c5 15. Nf5 Kh7 16. N3h4 Rae8 17. Qf3 Ng8 18. Qg4 g6 19. Nxh6 Qxg4 20. Nxg4 Bb6 21. a4 b4 22. Be3 b3 23. Bd1 f5 24. exf5 gxf5 25. Nh2 f4 26. Bd2 Nf6 27. Bf3 c4 28. Bxb7 Nxb7 29. dxc4 Nc5 30. Nf5 Nfe4 31. Bxf4 exf4 32. Nd4 Nxc3 33. bxc3 b2 34. Rab1 Rxe1+ 35. Rxe1 Nd3 36. Rb1 Bxd4 37. cxd4 Rc8 38. Nf3 Rxc4 39. Nd2 Rc1+ 40. Kh2 Nxf2 41. g4 fxg3+ 0-1

[Event "Alexandria op 22nd"]
[Site "Alexandria"]
[Date "2017.08.09"]
[Round "9"]
[White "Moreis, Amgad"]
[Black "El Arousy, Abdul Hameed"]
[Result "1/2-1/2"]
[WhiteElo "2081"]
[BlackElo "2279"]
[PlyCount "97"]
[EventDate "2017.08.02"]
[EventType "swiss"]
[EventRounds "10"]
[EventCountry "EGY"]
[SourceTitle "CBM 180 Extra"]
[Source "ChessBase"]
[SourceDate "2017.10.06"]
[SourceVersion "1"]
[SourceVersionDate "2017.10.06"]
[SourceQuality "1"]

1. e4 b6 2. d4 Bb7 3. Bd3 e6 4. Nf3 c5 5. c3 Nf6 6. Qe2 d5 7. e5 Ne4 8. 0-0 Be7 9. Nbd2 Nxd2 10. Bxd2 Qc8 11. b4 Nc6 12. a3 Qd7 13. Be3 c4 14. Bc2 f6 15. exf6 gxf6 16. a4 Bd6 17. Nh4 Qf7 18. Qf3 0-0-0 19. a5 b5 20. a6 Ba8 21. Rfe1 Rhg8 22. Bh6 Kc7 23. Re2 Rde8 24. Rae1 Re7 25. Bf4 Bxf4 26. Qxf4+ e5 27. Qf3 Rd7 28. Bf5 Rdd8 29. Bh3 Rgf8 30. Nf5 Rfe8 31. Nh6 Qg6 32. Ng4 exd4 33. cxd4 Rxe2 34. Qxe2 h5 35. Ne3 Nxd4 36. Qf1 Nb3 37. Nf5 Re8 38. Re3 Rxe3 39. fxe3 Bc6 40. Qf3 Qg5 41. Ne7 Qe5 42. Ng6 Qg5 43. Nf4 Kb6 44. Bd7 Qe5 45. Bxc6 Kxc6 46. Qh3 f5 47. Qg3 Qa1+ 48. Kf2 Qb2+ 49. Ne2 1/2-1/2

[Event "Alexandria op 22nd"]
[Site "Alexandria"]
[Date "2017.08.08"]
[Round "7"]
[White "Nader, Mohamed"]
[Black "El Arousy, Abdul Hameed"]
[Result "1-0"]
[WhiteElo "2172"]
[BlackElo "2279"]
[PlyCount "93"]
[EventDate "2017.08.02"]
[EventType "swiss"]
[EventRounds "10"]
[EventCountry "EGY"]
[SourceTitle "CBM 180 Extra"]
[Source "ChessBase"]
[SourceDate "2017.10.06"]
[SourceVersion "1"]
[SourceVersionDate "2017.10.06"]
[SourceQuality "1"]

1. d4 Nf6 2. Nf3 e6 3. e3 b6 4. Bd3 Bb7 5. Nbd2 c5 6. c3 cxd4 7. exd4 Be7 8. 0-0 0-0 9. Qe2 d6 10. Nc4 Nbd7 11. Bf4 Qc7 12. h3 Rfe8 13. a4 Bf8 14. Rfe1 a6 15. Bh2 Be7 16. Ng5 Nf8 17. f3 Nd5 18. Ne4 Red8 19. Qd2 h6 20. b4 f5 21. Nf2 Bg5 22. Qc2 Bf4 23. Bxf4 Nxf4 24. Bf1 Rac8 25. Rac1 Nd5 26. Qd2 Qd7 27. b5 axb5 28. axb5 Rc7 29. Nd1 Ng6 30. Nde3 Nge7 31. Qb2 f4 32. Nxd5 Nxd5 33. Bd3 Qe7 34. Qe2 Rdc8 35. Rc2 Rd8 36. Qxe6+ Qxe6 37. Rxe6 Rcd7 38. Bg6 Nc7 39. Re1 Nd5 40. Rce2 Nf6 41. Nxb6 Rc7 42. Re7 Rxe7 43. Rxe7 Bd5 44. c4 Ba8 45. Rc7 Rb8 46. Nxa8 Rxa8 47. b6 1-0

[Event "Alexandria op 22nd"]
[Site "Alexandria"]
[Date "2017.08.05"]
[Round "4"]
[White "El Arousy, Abdul Hameed"]
[Black "Zayan, Osama"]
[Result "1-0"]
[WhiteElo "2279"]
[BlackElo "2197"]
[PlyCount "87"]
[EventDate "2017.08.02"]
[EventType "swiss"]
[EventRounds "10"]
[EventCountry "EGY"]
[SourceTitle "CBM 180 Extra"]
[Source "ChessBase"]
[SourceDate "2017.10.06"]
[SourceVersion "1"]
[SourceVersionDate "2017.10.06"]
[SourceQuality "1"]

1. Nf3 Nf6 2. c4 e6 3. Nc3 d5 4. cxd5 exd5 5. d4 c6 6. Bg5 Nbd7 7. Qc2 h6 8. Bh4 Qa5 9. Nd2 Bb4 10. e3 0-0 11. Bd3 Re8 12. 0-0 Be7 13. a3 Nf8 14. b4 Qd8 15. b5 Bg4 16. bxc6 bxc6 17. Ne2 Rc8 18. Qa4 c5 19. dxc5 Bxe2 20. Bxe2 Bxc5 21. Rfd1 Ng6 22. Bg3 Qe7 23. Ba6 Rcd8 24. Bb5 Rf8 25. Nb3 Bd6 26. Nd4 Bxg3 27. hxg3 Ne4 28. Rac1 Ne5 29. Be2 Rc8 30. Qa5 Rxc1 31. Rxc1 Qg5 32. Nf3 Nxf3+ 33. Bxf3 Nxg3 34. Qxa7 Nf5 35. Rd1 d4 36. exd4 Rd8 37. d5 h5 38. Qc7 Rd6 39. Be4 Ng3 40. fxg3 Qf6 41. Rf1 Qd4+ 42. Kh2 Qxe4 43. Qxd6 h4 44. Qd8+ 1-0

[Event "Alexandria op 22nd"]
[Site "Alexandria"]
[Date "2017.08.04"]
[Round "3"]
[White "Darwish, Amro"]
[Black "El Arousy, Abdul Hameed"]
[Result "0-1"]
[WhiteElo "1960"]
[BlackElo "2279"]
[PlyCount "82"]
[EventDate "2017.08.02"]
[EventType "swiss"]
[EventRounds "10"]
[EventCountry "EGY"]
[SourceTitle "CBM 180 Extra"]
[Source "ChessBase"]
[SourceDate "2017.10.06"]
[SourceVersion "1"]
[SourceVersionDate "2017.10.06"]
[SourceQuality "1"]

1. c4 c5 2. e3 Nf6 3. d4 cxd4 4. exd4 d5 5. Nf3 Nc6 6. Bd3 dxc4 7. Bxc4 e6 8. 0-0 Be7 9. Nc3 0-0 10. Re1 b6 11. Bf4 Na5 12. Bd3 Bb7 13. Nb5 Nd5 14. Be5 a6 15. Nc3 Bb4 16. a3 Nxc3 17. bxc3 Bxc3 18. Bxh7+ Kh8 19. Qc1 Kxh7 20. Qxc3 Rc8 21. Qd3+ Kg8 22. h4 f6 23. Bg3 Qd5 24. Qg6 Bc6 25. Rab1 Be8 26. Qg4 Rc6 27. Rbc1 Bh5 28. Qf4 Bxf3 29. gxf3 Rxc1 30. Rxc1 Nb3 31. Rc7 Nxd4 32. Qg4 Nxf3+ 33. Kf1 Qd1+ 34. Kg2 Ne1+ 35. Kh3 Qxg4+ 36. Kxg4 Nd3 37. Rc6 f5+ 38. Kh3 f4 39. Bh2 Nxf2+ 40. Kg2 Ng4 41. Rxe6 f3+ 0-1

[Event "Golden Cleopatra op"]
[Site "Cairo"]
[Date "2016.12.17"]
[Round "5"]
[White "El Arousy, Abdul Hameed"]
[Black "Abdel Moniem, Mohamed"]
[Result "0-1"]
[WhiteElo "2310"]
[BlackElo "2154"]
[PlyCount "66"]
[EventDate "2016.12.13"]
[EventType "swiss"]
[EventRounds "10"]
[EventCountry "EGY"]
[SourceTitle "CBM 176 Extra"]
[Source "ChessBase"]
[SourceDate "2017.03.02"]
[SourceVersion "1"]
[SourceVersionDate "2017.03.02"]
[SourceQuality "1"]

1. d4 d5 2. c4 dxc4 3. Nc3 Nf6 4. e4 e6 5. Bxc4 a6 6. Nf3 b5 7. Bd3 Bb7 8. Qe2 Be7 9. 0-0 Nbd7 10. Re1 c5 11. dxc5 Bxc5 12. Bg5 Qb8 13. h3 h6 14. Be3 Qa7 15. Bd2 Rc8 16. Rac1 0-0 17. a3 Rfd8 18. b4 Bd6 19. Nb1 Qb8 20. Rxc8 Rxc8 21. Rc1 Rd8 22. Bc3 Ne5 23. Bc2 Nxf3+ 24. Qxf3 Be5 25. Re1 Rc8 26. Bxe5 Qxe5 27. Qd3 Qb2 28. e5 Rxc2 29. exf6 Rxf2 30. Qd8+ Kh7 31. Qd3+ g6 32. Qe3 Rxg2+ 33. Kf1 Qxf6+ 0-1

[Event "EGY-chT"]
[Site "Egypt"]
[Date "2016.05.11"]
[Round "7.6"]
[White "El Arousy, Abdul Hameed"]
[Black "Ahmed Aly, Alaa Eldin"]
[Result "1-0"]
[WhiteElo "2273"]
[BlackElo "1830"]
[PlyCount "81"]
[EventDate "2016.05.05"]
[EventType "team-tourn"]
[EventRounds "9"]
[EventCountry "EGY"]
[SourceTitle "CBM 172 Extra"]
[Source "ChessBase"]
[SourceDate "2016.06.21"]
[SourceVersion "1"]
[SourceVersionDate "2016.06.21"]
[SourceQuality "1"]
[WhiteTeam "Elhawar"]
[BlackTeam "Mokawlon Aswan"]
[WhiteTeamCountry "EGY"]
[BlackTeamCountry "EGY"]

1. d4 d5 2. c4 c6 3. Nf3 Nf6 4. Qc2 Ne4 5. Nbd2 Bf5 6. Qb3 Qb6 7. c5 Qxb3 8. axb3 e6 9. e3 Nd7 10. b4 Be7 11. b5 0-0 12. Be2 Bf6 13. 0-0 g5 14. Nb3 g4 15. Nfd2 Nxd2 16. Bxd2 e5 17. bxc6 bxc6 18. Bc3 exd4 19. Nxd4 Bxd4 20. Bxd4 a5 21. Ra3 a4 22. Bd1 Ra5 23. Rxa4 Rfa8 24. Rxa5 Rxa5 25. Re1 f6 26. Be2 Ne5 27. f4 gxf3 28. gxf3 Kf7 29. Kf2 Nd3+ 30. Bxd3 Bxd3 31. Kg3 Ra8 32. Kf4 f5 33. Rd1 Bc2 34. Rc1 Bd3 35. Rc3 Bb1 36. Rb3 Ra7 37. Rb6 Rc7 38. Be5 Rc8 39. Rb7+ Kg6 40. Rg7+ Kh6 41. Rg5 1-0

[Event "Cairo Egyptian op"]
[Site "Cairo"]
[Date "2016.04.26"]
[Round "7"]
[White "Moreis, Kamel"]
[Black "El Arousy, Abdul Hameed"]
[Result "0-1"]
[WhiteElo "2046"]
[BlackElo "2265"]
[PlyCount "55"]
[EventDate "2016.04.22"]
[EventType "swiss"]
[EventRounds "9"]
[EventCountry "EGY"]
[SourceTitle "CBM 172 Extra"]
[Source "ChessBase"]
[SourceDate "2016.06.21"]
[SourceVersion "1"]
[SourceVersionDate "2016.06.21"]
[SourceQuality "1"]

1. e4 c5 2. Nf3 e6 3. c3 d5 4. e5 Nc6 5. d4 Bd7 6. Be2 cxd4 7. cxd4 f6 8. exf6 Nxf6 9. Nc3 Bd6 10. 0-0 0-0 11. Bg5 Be7 12. Re1 Qb6 13. Bxf6 Rxf6 14. Qd2 Bb4 15. Qd1 Ba5 16. h3 Qxb2 17. Na4 Qa3 18. Nc5 b6 19. Nb3 Qd6 20. g3 Be8 21. Nfd2 Bf7 22. Bg4 b5 23. Kg2 g5 24. f4 Bd8 25. Kg1 Rg6 26. fxg5 Bxg5 27. Nc5 Bh6 28. Ndb3 0-1

[Event "Cairo Egyptian op"]
[Site "Cairo"]
[Date "2016.04.25"]
[Round "5"]
[White "Hamam, Mahmoud"]
[Black "El Arousy, Abdul Hameed"]
[Result "1-0"]
[WhiteElo "2090"]
[BlackElo "2265"]
[PlyCount "85"]
[EventDate "2016.04.22"]
[EventType "swiss"]
[EventRounds "9"]
[EventCountry "EGY"]
[SourceTitle "CBM 172 Extra"]
[Source "ChessBase"]
[SourceDate "2016.06.21"]
[SourceVersion "1"]
[SourceVersionDate "2016.06.21"]
[SourceQuality "1"]

1. e4 c5 2. Nf3 a6 3. d4 cxd4 4. Nxd4 Nf6 5. Bd3 e5 6. Nb3 d5 7. exd5 e4 8. Be2 Qxd5 9. Qxd5 Nxd5 10. Bd2 Be7 11. Nc3 Nxc3 12. Bxc3 0-0 13. Rd1 Nc6 14. a3 Bf5 15. Nd4 Nxd4 16. Bxd4 Rac8 17. c3 Be6 18. Be5 Rfd8 19. 0-0 f6 20. Rxd8+ Rxd8 21. Bd4 Kf7 22. Rd1 Bb3 23. Rd2 b5 24. Be3 Rxd2 25. Bxd2 f5 26. g4 g6 27. gxf5 gxf5 28. Bf4 Kg6 29. Kg2 h5 30. f3 h4 31. fxe4 fxe4 32. Bg4 a5 33. Bd7 Bc4 34. a4 b4 35. Bc7 b3 36. Bb5 Be6 37. Be5 Bc5 38. c4 Bg4 39. Bc3 e3 40. Kf1 Bf3 41. Bxa5 Bd4 42. c5 Bxb2 43. c6 1-0

[Event "Cairo Egyptian op"]
[Site "Cairo"]
[Date "2016.04.22"]
[Round "1"]
[White "Aly, Magdy"]
[Black "El Arousy, Abdul Hameed"]
[Result "0-1"]
[WhiteElo "1824"]
[BlackElo "2265"]
[PlyCount "63"]
[EventDate "2016.04.22"]
[EventType "swiss"]
[EventRounds "9"]
[EventCountry "EGY"]
[SourceTitle "CBM 172 Extra"]
[Source "ChessBase"]
[SourceDate "2016.06.21"]
[SourceVersion "1"]
[SourceVersionDate "2016.06.21"]
[SourceQuality "1"]

1. c4 Nf6 2. g3 g6 3. Nc3 d5 4. cxd5 Nxd5 5. Bg2 Nb6 6. Nf3 Bg7 7. d3 Nc6 8. Be3 0-0 9. Rc1 e5 10. 0-0 h6 11. Ne4 Nd5 12. Bc5 Re8 13. Ned2 Be6 14. b3 Qd7 15. Qc2 Bh3 16. a3 Bxg2 17. Kxg2 a5 18. e4 Nf6 19. Rfd1 Nh5 20. h3 Re6 21. Nf1 Nf6 22. a4 Bf8 23. Bxf8 Rxf8 24. Qd2 Kg7 25. Rc3 Rd6 26. Rxc6 Qxc6 27. Nxe5 Nxe4 28. Nxc6 Nxd2 29. Nxa5 Nxf1 30. Nxb7 Rb8 31. Nc5 Rbd8 32. a5 0-1

[Event "Aswan op 3rd"]
[Site "Aswan"]
[Date "2012.12.05"]
[Round "4"]
[White "El Arousy, Abdul Hameed"]
[Black "Sadek, Sameh"]
[Result "1/2-1/2"]
[WhiteElo "2299"]
[BlackElo "2341"]
[PlyCount "81"]
[EventDate "2012.12.02"]
[EventType "swiss"]
[EventRounds "9"]
[EventCountry "EGY"]
[SourceTitle "EXT 2014"]
[Source "ChessBase"]
[SourceDate "2013.11.20"]
[SourceVersion "1"]
[SourceVersionDate "2013.11.20"]
[SourceQuality "1"]

1. d4 d5 2. Bg5 h6 3. Bh4 c6 4. Nf3 Qb6 5. b3 e6 6. e3 Ne7 7. Bd3 Nf5 8. Bxf5 exf5 9. 0-0 a5 10. c4 a4 11. Nc3 Qa5 12. Rc1 Ba3 13. Rc2 dxc4 14. bxc4 0-0 15. c5 Bb4 16. Nb1 a3 17. Nbd2 b5 18. cxb6 Qxb6 19. Nc4 Qb5 20. Bg3 Ba6 21. Qb1 Be7 22. Qa1 Nd7 23. Rb1 Qd5 24. Qc3 Bb5 25. Nfe5 Ra4 26. Rbc1 Rfa8 27. Nd2 Nxe5 28. Bxe5 Bb4 29. Qb3 Bxd2 30. Qxd5 cxd5 31. Rxd2 Rb4 32. h4 Bc4 33. Bd6 Rb2 34. Rcc2 Ra6 35. Bc5 Rb1+ 36. Kh2 g5 37. Rc3 Rb2 38. Rcc2 Rb1 39. Rc3 Rb2 40. Rcc2 Rb5 41. Rc3 1/2-1/2

[Event "Aswan op 3rd"]
[Site "Aswan"]
[Date "2012.12.03"]
[Round "2"]
[White "El Arousy, Abdul Hameed"]
[Black "Amin, Amro"]
[Result "1-0"]
[WhiteElo "2299"]
[BlackElo "1882"]
[PlyCount "63"]
[EventDate "2012.12.02"]
[EventType "swiss"]
[EventRounds "9"]
[EventCountry "EGY"]
[SourceTitle "EXT 2014"]
[Source "ChessBase"]
[SourceDate "2013.11.20"]
[SourceVersion "1"]
[SourceVersionDate "2013.11.20"]
[SourceQuality "1"]

1. d4 d5 2. c4 e6 3. Nc3 Nf6 4. Bg5 Be7 5. e3 0-0 6. Qc2 Nbd7 7. Nf3 Re8 8. cxd5 exd5 9. Bd3 Nf8 10. 0-0 c6 11. Rab1 Nh5 12. Bxe7 Qxe7 13. b4 Be6 14. b5 c5 15. dxc5 Qxc5 16. Rfc1 Rac8 17. Qb2 Qe7 18. b6 a6 19. Nd4 Nf6 20. Qb4 Qxb4 21. Rxb4 N8d7 22. Rbb1 Nc5 23. Be2 Nce4 24. Nxe4 Nxe4 25. Rxc8 Bxc8 26. Rc1 Nf6 27. a4 Bd7 28. Rc7 Rb8 29. a5 Kf8 30. Nb3 Ke8 31. Nc5 Rc8 32. Nxd7 1-0

[Event "Cairo Masters"]
[Site "Cairo"]
[Date "2012.07.01"]
[Round "2.9"]
[White "Yousry, Salah"]
[Black "El Arousy, Abdul Hameed"]
[Result "0-1"]
[WhiteElo "2336"]
[BlackElo "2293"]
[PlyCount "41"]
[EventDate "2012.06.30"]
[EventType "swiss"]
[EventRounds "5"]
[EventCountry "EGY"]
[SourceTitle "EXT 2014"]
[Source "ChessBase"]
[SourceDate "2013.11.20"]
[SourceVersion "1"]
[SourceVersionDate "2013.11.20"]
[SourceQuality "1"]

1. d4 Nf6 2. e3 d5 3. Bd3 c5 4. c3 Qc7 5. f4 e6 6. Nf3 Nc6 7. 0-0 Be7 8. Ne5 0-0 9. Nd2 b6 10. Rf3 Bb7 11. Rh3 g6 12. Qf3 a5 13. g4 Ne8 14. Qg3 Ba6 15. Bxa6 Rxa6 16. Ndf3 Nxe5 17. fxe5 f6 18. Qh4 Bd8 19. Qg3 f5 20. Bd2 Ra7 21. Rf1 0-1

[Event "Dubai op 14th"]
[Site "Dubai"]
[Date "2012.04.16"]
[Round "2"]
[White "Miroshnichenko, Evgenij"]
[Black "El Arousy, Abdul Hameed"]
[Result "1-0"]
[WhiteElo "2624"]
[BlackElo "2327"]
[PlyCount "97"]
[EventDate "2012.04.15"]
[EventType "swiss"]
[EventRounds "9"]
[EventCountry "UAE"]
[SourceTitle "CBM 148 Extra"]
[Source "ChessBase"]
[SourceDate "2012.06.22"]
[SourceVersion "1"]
[SourceVersionDate "2012.06.22"]
[SourceQuality "1"]

1. d4 d5 2. c4 c6 3. Nf3 Nf6 4. Qc2 a6 5. Bf4 e6 6. Nbd2 Be7 7. e3 Nbd7 8. a3 0-0 9. Rd1 Re8 10. c5 b6 11. b4 bxc5 12. bxc5 Nh5 13. Bd3 g6 14. 0-0 Nxf4 15. exf4 Qc7 16. g3 Kg7 17. Rfe1 a5 18. Qc3 Ba6 19. Bc2 Bf6 20. h4 h5 21. Kg2 Reb8 22. Rb1 Bd8 23. Ng5 Rxb1 24. Bxb1 Rb8 25. Ndf3 Qb7 26. Qc2 Bxg5 27. Nxg5 Nf8 28. Qc3 Qc7 29. Bc2 Bc4 30. Nf3 Nd7 31. Nd2 Bb5 32. Rb1 Nf6 33. a4 Ba6 34. Rxb8 Qxb8 35. f3 Kf8 36. Nb3 Qb4 37. Qxb4 axb4 38. Na5 Bc4 39. Kf2 Ba2 40. Ke3 Ke8 41. Kd2 Kd7 42. Bd3 Ng8 43. Kc2 Ne7 44. g4 Ng8 45. Kb2 b3 46. Nb7 f5 47. g5 Kc7 48. Nd6 Ne7 49. Ba6 1-0

[Event "Cairo Egyptian op"]
[Site "Cairo"]
[Date "2011.11.24"]
[Round "6"]
[White "El Arousy, Abdul Hameed"]
[Black "Ragaa, Hassan"]
[Result "0-1"]
[WhiteElo "2301"]
[BlackElo "2060"]
[PlyCount "68"]
[EventDate "2011.11.19"]
[EventType "swiss"]
[EventRounds "9"]
[EventCountry "EGY"]
[SourceTitle "CBM 145 Extra"]
[Source "ChessBase"]
[SourceDate "2012.01.03"]
[SourceVersion "1"]
[SourceVersionDate "2012.01.03"]
[SourceQuality "1"]

1. d4 d5 2. c4 e5 3. dxe5 d4 4. Nf3 Nc6 5. g3 Nge7 6. Bg2 Ng6 7. 0-0 Ngxe5 8. Nbd2 Be7 9. b3 Nxf3+ 10. Nxf3 0-0 11. Bb2 Bf6 12. a3 Bg4 13. Re1 Qd7 14. Qd2 Rad8 15. Rad1 Rfe8 16. b4 Qf5 17. Qf4 Qxf4 18. gxf4 h6 19. h3 Bh5 20. Rd2 Re4 21. Ne5 Rxf4 22. Nd3 Rf5 23. Nc5 Bh4 24. Rf1 Re8 25. Nxb7 Rxe2 26. Bc1 Rxd2 27. Bxd2 Ne5 28. Be4 Nf3+ 29. Kg2 Nxd2 30. Bxf5 Bf3+ 31. Kg1 Nxf1 32. Na5 Nd2 33. c5 Ne4 34. Nc6 d3 0-1

[Event "Cairo Egyptian op"]
[Site "Cairo"]
[Date "2011.11.23"]
[Round "5"]
[White "Fatehy, Tarek"]
[Black "El Arousy, Abdul Hameed"]
[Result "1/2-1/2"]
[WhiteElo "2187"]
[BlackElo "2301"]
[PlyCount "58"]
[EventDate "2011.11.19"]
[EventType "swiss"]
[EventRounds "9"]
[EventCountry "EGY"]
[SourceTitle "CBM 145 Extra"]
[Source "ChessBase"]
[SourceDate "2012.01.03"]
[SourceVersion "1"]
[SourceVersionDate "2012.01.03"]
[SourceQuality "1"]

1. d4 Nf6 2. Nf3 e6 3. e3 b6 4. Bd3 Bb7 5. Nbd2 c5 6. 0-0 Be7 7. c3 cxd4 8. exd4 0-0 9. Qe2 d6 10. Re1 Nbd7 11. Nf1 Re8 12. Ng3 Qc7 13. Bg5 Nf8 14. Rad1 Ng6 15. Ne4 Nd5 16. Bxe7 Ndf4 17. Qe3 Rxe7 18. Bf1 f5 19. Ned2 Rf8 20. c4 h6 21. Qb3 Kh8 22. Re3 Bxf3 23. Nxf3 e5 24. dxe5 dxe5 25. Qc3 Nh5 26. Rd5 Rfe8 27. Re1 Nf6 28. Rdd1 a5 29. a3 Ne4 1/2-1/2

[Event "Cairo Egyptian op"]
[Site "Cairo"]
[Date "2011.11.20"]
[Round "2"]
[White "El Arousy, Abdul Hameed"]
[Black "Wagdy, Andro"]
[Result "1-0"]
[WhiteElo "2301"]
[BlackElo "1982"]
[PlyCount "65"]
[EventDate "2011.11.19"]
[EventType "swiss"]
[EventRounds "9"]
[EventCountry "EGY"]
[SourceTitle "CBM 145 Extra"]
[Source "ChessBase"]
[SourceDate "2012.01.03"]
[SourceVersion "1"]
[SourceVersionDate "2012.01.03"]
[SourceQuality "1"]

1. e4 c5 2. Nf3 Nc6 3. d4 cxd4 4. Nxd4 g6 5. c4 Bg7 6. Be3 Nf6 7. Nc3 Ng4 8. Qxg4 Nxd4 9. Qd1 Nc6 10. Rc1 b6 11. Be2 Bb7 12. 0-0 0-0 13. Qd2 Re8 14. Rfd1 d6 15. f3 Qd7 16. Kh1 Rac8 17. b3 Red8 18. Bf1 Ba8 19. Nd5 Qb7 20. Bh6 Bh8 21. Bg5 Re8 22. Qf2 f6 23. Be3 Ne5 24. Be2 Nf7 25. Bd4 Qd7 26. a4 Nd8 27. f4 Nc6 28. Bc3 f5 29. Bxh8 Kxh8 30. e5 dxe5 31. Nxb6 Qb7 32. Nxc8 Rxc8 33. Rc3 1-0

[Event "Dubai op 13th"]
[Site "Dubai"]
[Date "2011.04.17"]
[Round "8"]
[White "Vishnu, Prasanna V"]
[Black "El Arousy, Abdul Hameed"]
[Result "1/2-1/2"]
[WhiteElo "2358"]
[BlackElo "2238"]
[PlyCount "85"]
[EventDate "2011.04.10"]
[EventType "swiss"]
[EventRounds "9"]
[EventCountry "UAE"]
[SourceTitle "CBM 141 Extra"]
[Source "ChessBase"]
[SourceDate "2011.05.03"]
[SourceVersion "1"]
[SourceVersionDate "2011.05.03"]
[SourceQuality "1"]

1. e4 e6 2. d4 d5 3. Nd2 dxe4 4. Nxe4 Bd7 5. Nf3 Bc6 6. Bd3 Nd7 7. 0-0 Ngf6 8. Ng3 Be7 9. Re1 0-0 10. Qe2 Bxf3 11. Qxf3 c6 12. c3 Re8 13. Bf4 Nf8 14. a3 Ng6 15. Be3 Nd5 16. Bd2 Bg5 17. Bxg5 Qxg5 18. Ne4 Qf4 19. Qe2 Qc7 20. g3 Rad8 21. Rad1 Re7 22. Ng5 Nf6 23. Qf3 Rde8 24. Ne4 Nd7 25. Bc2 a6 26. Rd2 Nb6 27. Qh5 h6 28. Rde2 Nd7 29. Rd2 Ngf8 30. Red1 Nh7 31. c4 Ndf6 32. Qe2 Nxe4 33. Qxe4 Nf6 34. Qe3 e5 35. Qc3 exd4 36. Rxd4 c5 37. R4d2 Qc6 38. Rd6 Re1+ 39. Rxe1 Rxe1+ 40. Qxe1 Qxd6 41. Qe3 Kf8 42. Bf5 a5 43. h3 1/2-1/2

[Event "Dubai op 12th"]
[Site "Dubai"]
[Date "2010.04.06"]
[Round "2"]
[White "Savchenko, Stanislav"]
[Black "El Arousy, Abdul Hameed"]
[Result "1-0"]
[WhiteElo "2526"]
[BlackElo "2265"]
[PlyCount "78"]
[EventDate "2010.04.05"]
[EventType "swiss"]
[EventRounds "9"]
[EventCountry "UAE"]
[SourceTitle "CBM 135 Extra"]
[Source "ChessBase"]
[SourceDate "2010.05.04"]
[SourceVersion "1"]
[SourceVersionDate "2010.05.04"]
[SourceQuality "1"]

1. Nf3 d5 2. d4 Nf6 3. c4 c6 4. e3 Bg4 5. Qb3 Qb6 6. Nc3 Bxf3 7. gxf3 e6 8. Bd2 Nbd7 9. f4 dxc4 10. Qxc4 Be7 11. Bg2 0-0 12. Rb1 a5 13. 0-0 Rfd8 14. Rfd1 Qa6 15. Qxa6 Rxa6 16. Ne2 Kf8 17. Nc1 Nd5 18. a3 f5 19. Nd3 h6 20. Kf1 a4 21. Ke2 Kf7 22. Rbc1 Rg8 23. Rg1 g5 24. fxg5 hxg5 25. f3 Rh8 26. h3 Raa8 27. e4 Nc7 28. exf5 exf5 29. f4 gxf4 30. Bxf4 Ne6 31. Be3 Ra5 32. Rgf1 Bf6 33. d5 cxd5 34. Rxf5 Ke7 35. Kf1 Ng7 36. Rf2 Ne5 37. Bd2 Rb5 38. Bb4+ Kd8 39. Re1 Ng6 1-0

[Event "Abu Dhabi op 19th"]
[Site "Abu Dhabi"]
[Date "2009.08.15"]
[Round "3"]
[White "El Arousy, Abdul Hameed"]
[Black "Anastasian, Ashot"]
[Result "0-1"]
[WhiteElo "2295"]
[BlackElo "2566"]
[PlyCount "55"]
[EventDate "2009.08.12"]
[EventType "swiss"]
[EventRounds "9"]
[EventCountry "UAE"]
[SourceTitle "CBM 131 Extra"]
[Source "ChessBase"]
[SourceDate "2009.09.03"]
[SourceVersion "2"]
[SourceVersionDate "2009.09.16"]
[SourceQuality "1"]

1. e4 c5 2. Nf3 d6 3. d4 cxd4 4. Nxd4 Nf6 5. Nc3 a6 6. Bg5 e6 7. f4 b5 8. Qf3 Bb7 9. Bd3 Nbd7 10. 0-0-0 Qb6 11. Nb3 Be7 12. Bh4 Nc5 13. Bf2 Qc7 14. a3 Nxd3+ 15. Rxd3 Rc8 16. Rd2 d5 17. exd5 Nxd5 18. Nxd5 Bxd5 19. Qe3 Bxb3 20. Qxb3 Qxf4 21. Be3 Qe4 22. Rf1 0-0 23. Kb1 Bf6 24. Rf4 Qe5 25. Rf3 Qxh2 26. Ka2 Rfd8 27. Rh3 Qe5 28. Rf2 0-1

[Event "Dubai op 10th"]
[Site "Dubai"]
[Date "2008.04.12"]
[Round "7"]
[White "Ramnath, Bhuvanesh R"]
[Black "El Arousy, Abdul Hameed"]
[Result "1/2-1/2"]
[WhiteElo "2204"]
[BlackElo "2298"]
[PlyCount "58"]
[EventDate "2008.04.06"]
[EventType "swiss"]
[EventRounds "9"]
[EventCountry "UAE"]
[SourceTitle "CBM 123 Extra"]
[Source "ChessBase"]
[SourceDate "2008.05.06"]
[SourceVersion "1"]
[SourceVersionDate "2008.05.06"]
[SourceQuality "1"]

1. e4 c5 2. Nf3 d6 3. d4 cxd4 4. Nxd4 Nf6 5. Nc3 a6 6. Be2 e6 7. a4 Be7 8. 0-0 Qc7 9. f4 Nbd7 10. Bf3 Rb8 11. Kh1 0-0 12. g4 Nc5 13. g5 Nfd7 14. Bg2 Re8 15. Ra3 Nb6 16. b4 Ncd7 17. Rb3 Nf8 18. f5 Nbd7 19. Qh5 Qd8 20. Nce2 Ne5 21. Rh3 g6 22. Qh6 f6 23. Nf4 Nf7 24. Nfxe6 Bxe6 25. Nxe6 Nxh6 26. Nxd8 Ng4 27. Ne6 Nxe6 28. fxe6 fxg5 29. Rf7 h5 1/2-1/2